000 01024nam a2200313Ia 4500
001 Z_886
003 CHAP
008 220113s1989 xx 000 0 und d
010 _a163961
020 _a968-25-1447-9
040 _cCHAP
082 _a636.0824 R47 1989
240 _aReproduction in farm animals
245 _aReproducción e inseminación artificial en animales /
_ceditor Elsayed Saad Eldin Hafez; traducción Luis Ocampo Camberos...[et. al.]
250 _a5a ed.
260 _aMéxico :
_bInteramericana,
_c1989
300 _a694 p.
500 _aTraducció de la obra en inglés: Reproduction in farm animals 5th ed. de 1987
503 _aej.1: C/E \ ej.2: reposición \ ej.3: C/E \ ej.4: reposición \ ej.5: reposición \ ej.6: s/n
650 _aInseminación artificial
_958964
650 _aReproducción animal
_996028
700 _aHafez, Elsayed Saad Eldin, ed.
_9138008
901 _a636.0824 R47 1989
902 _aM
910 _a1989
942 _c1
942 _cc1
999 _c163961
_d163961